Statistics for Countries Closest To Syria

Click here to take the quiz!

General Stats

  • This quiz has been taken 147 times
  • The average score is 9 of 10

Answer Stats

KmAnswer% Correct
182Iran
99%
0Iraq
99%
0Israel
99%
0Jordan
99%
0Turkey
99%
0Lebanon
97%
91Saudi Arabia
94%
205Egypt
92%
102Cyprus
84%
335Azerbaijan
64%

Score Distribution

Percentile by Number Answered

Percent of People with Each Score

Your Score History

You have not taken this quiz